| 000 | 02620nam0a2200373 4500 | ||
|---|---|---|---|
| 001 | RU\NLR\BIBL_A\012891256 | ||
| 005 | 20221110182949.0 | ||
| 010 |
_a978-5-7417-0794-4 _9100 |
||
| 021 |
_aRU _bКН-П-22-049734 _9КН-П-22-4316 |
||
| 035 | _a(NLR Aleph) 012891256 | ||
| 035 | _a(RuMoRGB)011158923 | ||
| 090 |
_a12552032 _c12552032 |
||
| 100 | _a20220920d2021 u y0rusy50 ca | ||
| 101 | 0 | _arus | |
| 102 | _aRU | ||
| 105 | _aa|||j|||001zy | ||
| 181 | 0 |
_ai _baxxe |
|
| 182 | 0 | _an | |
| 200 | 1 |
_aВведение в теорию особенностей _eучебное пособие _fН. Г. Павлова, А. О. Ремизов _gМинистерство науки и высшего образования Российской Федерации, Федеральное государственное автономное образовательное учреждение высшего образования "Московский физико-технический институт (национальный исследовательский университет)" |
|
| 203 |
_aТекст _bвизуальный _cнепосредственный |
||
| 210 |
_aМосква _cМФТИ _d2021 |
||
| 215 |
_a181 с. _cил. _d21 |
||
| 320 | _aБиблиогр.: с. 176-178 (44 назв.) | ||
| 320 | _aПредм. указ.: с. 180-181 | ||
| 330 | _aИзлагаются основы теории особенностей (катастроф). Основное внимание уделено особенностям гладких функций и отображений. В заключительной части в качестве приложения рассматриваются дифференциальные уравнения первого порядка, не разрешенные относительно производной. Предназначено для студентов физико-математических и технических специальностей физтех-школ МФТИ | ||
| 606 | 1 |
_aКатастроф теория _jУчебные издания для высших учебных заведений _91011356 _3RU\NLR\AUTH\66385052 |
|
| 675 |
_a517.9(075.8) _v4 |
||
| 686 | 1 | _aВ161.618я73-1 | |
| 700 | 1 |
_7ca _8rus _aПавлова _bН. Г. _cканд. физ.-мат. наук _f1981- _gНаталья Геннадьевна _9103230 _3RU\NLR\AUTH\77120305 |
|
| 701 | 1 |
_aРемизов _bА. О. _gАлексей Олегович |
|
| 942 | _cBOOK | ||
| 980 | _aNB | ||